| 000 | 00589nam a2200181 i 4500 | ||
|---|---|---|---|
| 001 | 103550 | ||
| 003 | ES-MaACL | ||
| 005 | 20230906183408.0 | ||
| 007 | t| | ||
| 008 | 060406s1960 pr ||||1| spa d | ||
| 080 | _a338.1(729.5) | ||
| 100 | 1 |
_aPaniagua Picazo, Antonio. _988790 |
|
| 245 | 1 | 3 |
_aEl presente y el futuro de la realidad económica puertorriqueña / _cpor Antonio Paniagua Picazo. |
| 260 |
_aSan Juan de Puerto Rico : _bBetances, _c[1960 ?] |
||
| 300 |
_a107 p. ; _c20 cm. |
||
| 651 | 4 |
_aPuerto Rico- _xSituación económica. _99291 |
|
| 852 |
_aES-MaACL _jC-56876 _bR.137386 |
||
| 999 |
_c103550 _d103550 |
||